000 00664nam a2200289Ia 4500
005 20260324121153.0
008 008 260324s9999 xx 000 0 eng d
020 _a9781315754956
037 _aEBOOK
040 _aCRL
040 _beng
040 _cCRL
041 _2eng
041 _aeng
084 _qCRL
100 _aLawrence Williams
_91161465
245 0 _aIntroducing Computing
245 2 _bA guide for teachers
260 _bTaylor and Francis
260 _c2014
365 _a
365 _b290
856 _uhttp://www.taylorfrancis.com/books/9781315754956
942 _cEBOOK
999 _c1753398
_d1753398